Szegedi OTDK-helyezettek Diáktudomány
Elmentve itt :
| Dokumentumtípus: | Cikk |
|---|---|
| Megjelent: |
2001-05-17
|
| Sorozat: | Délmagyarország
91 No. 114 |
| Kulcsszavak: | Országos Tudományos Diákköri Konferencia |
| Online Access: | http://dmarchiv.bibl.u-szeged.hu/124017 |
| LEADER | 00444nab a2200145 i 4500 | ||
|---|---|---|---|
| 001 | delm124017 | ||
| 005 | 20191031132551.0 | ||
| 008 | 191031s2001 hu o 0|| hun d | ||
| 040 | |a SZTE Délmagyarország Archívum |b hun | ||
| 041 | |a hun | ||
| 245 | 0 | 0 | |a Szegedi OTDK-helyezettek |h [elektronikus dokumentum] : |b Diáktudomány |
| 260 | |c 2001-05-17 | ||
| 300 | |a 5 | ||
| 490 | 0 | |a Délmagyarország |v 91 No. 114 | |
| 695 | |a Országos Tudományos Diákköri Konferencia | ||